000 00795nam a22002894a 4500
001 UByD003078
003 AR-LpoUNG
005 20240816150143.0
008 240814s2001||||ag a b 000|1 spa d
040 _aAR-LpoUNG
_bspa
_cAR-LpoUNG
_eaacr
041 0 _aspa
044 _aag
082 0 4 _a808.068 3 291rey
_220
100 1 _aSchapiro, Natalia Carla
245 1 3 _aEl rey Midas : Caperucita Roja
250 _a1ra. ed.
260 _aBuenos Aires :
_bVisor,
_c2001.
300 _a[44] p. :
_bil.
500 _aIncluye los dos cuentos. Paginación opuesta.
505 0 _aSugerido a partir de 8 años (etiqueta CELESTE)
650 4 _aCUENTOS
650 4 _aLITERATURA
653 0 _aLITERATURA INFANTIL
700 1 _aEscudero, Carlos
_eil.
905 _a50234
942 _cLIB
_2ddc
999 _c65669
_d65669